| 000 | 00709cam a22002411 4500 | ||
|---|---|---|---|
| 001 | he 67000757 | ||
| 003 | DLC | ||
| 005 | 20260227111446.0 | ||
| 008 | 840307s1965 is 000 0 heb | ||
| 010 | _ahe 67000757 | ||
| 035 | _a(OCoLC)19159567 | ||
| 040 |
_aDLC _cMH _dDLC |
||
| 042 | _apremarc | ||
| 050 | 0 | 0 |
_aDS126.4 _b.A6 |
| 100 | 1 |
_aApelboim, Ḥayim, _d1925-1947. |
|
| 245 | 1 | 0 | _aṾe-lo ḥazarnu la-basis. |
| 250 | _aMahadurah 2. | ||
| 260 |
_a[Tel Aviv] : _bha-Ḳeren le-haḳamat ha-andarṭah, Bet Yaʼir, _c727 [1965 or 1966] |
||
| 300 |
_a47 p. : _bports. ; _c22 cm. |
||
| 610 | 2 | 0 | _aLoḥame ḥerut Yiśraʼel. |
| 651 | 0 |
_aPalestine _xHistory _y1929-1948. |
|
| 752 |
_aIsrael _dTel Aviv |
||
| 999 |
_c32319 _d32319 |
||